000 00459nam a2200169Ia 4500
008 131103s9999 xx 000 0 und d
040 _aLoreto College
041 _aEnglish
082 _aCHBK
_b#NAME?
100 _aFraser, Antonia
245 _aKing Arthur
_b and the knights of the round table
_cAntonia Fraser
260 _aLondon
_bDragon
_c1970
300 _a172p.
_b ill.
_c 21cm.
650 _aCHBK - 1
850 _aLCBED/CHBK - 1/FRA
942 _cBK
999 _c31402
_d81881